Cyclisme - Vainqueurs World Tour 2023 - Statistiques

Statistiques générales
  • Ce quiz a été pris 487 fois
  • Le résultat moyen est 118 sur 183
Statistiques - réponses
Course Nationalité Equipe Coureur % Correct
3e étape Tour du Pays Basque Danemark Jumbo Visma Jonas Vingegaard
98%
4e étape Tour du Pays Basque Danemark Jumbo Visma Jonas Vingegaard
98%
6e étape Tour du Pays Basque Danemark Jumbo Visma Jonas Vingegaard
98%
Tour du Pays Basque Danemark Jumbo Visma Jonas Vingegaard
98%
5e étape Critérium du Dauphiné Danemark Jumbo Visma Jonas Vingegaard
98%
7e étape Critérium du Dauphiné Danemark Jumbo Visma Jonas Vingegaard
98%
Critérium du Dauphiné Danemark Jumbo Visma Jonas Vingegaard
98%
16e étape Tour de France (CLM) Danemark Jumbo Visma Jonas Vingegaard
98%
Tour de France Danemark Jumbo Visma Jonas Vingegaard
98%
13e étape Tour d'Espagne Danemark Jumbo Visma Jonas Vingegaard
98%
16e étape Tour d'Espagne Danemark Jumbo Visma Jonas Vingegaard
98%
4e étape Paris Nice Slovénie UAE Team Emirates Tadej Pogacar
98%
7e étape Paris Nice Slovénie UAE Team Emirates Tadej Pogacar
98%
8e étape Paris Nice Slovénie UAE Team Emirates Tadej Pogacar
98%
Paris Nice Slovénie UAE Team Emirates Tadej Pogacar
98%
Tour des Flandres Slovénie UAE Team Emirates Tadej Pogacar
98%
Amstel Gold Race Slovénie UAE Team Emirates Tadej Pogacar
98%
Flèche Wallonne Slovénie UAE Team Emirates Tadej Pogacar
98%
6e étape Tour de France Slovénie UAE Team Emirates Tadej Pogacar
98%
20e étape Tour de France Slovénie UAE Team Emirates Tadej Pogacar
98%
Tour de Lombardie Slovénie UEA Team Emirates Tadej Pogacar
98%
Milan San Remo Pays Bas Alpecin Deceuninck Mathieu Van Der Poel
95%
Paris Roubaix Pays Bas Alpecin Deceuninck Mathieu Van Der Poel
95%
Championnat du Monde sur route Pays Bas Alpecin Deceuninck Mathieu Van Der Poel
95%
UAE Tour Belgique Soudal Quick Step Remco Evenepoel
94%
3e étape Tour de Catalogne Belgique Soudal Quick Step Remco Evenepoel
94%
7e étape Tour de Catalogne Belgique Soudal Quick Step Remco Evenepoel
94%
Liège Bastogne Liège Belgique Soudal Quick Step Remco Evenepoel
94%
1ere étape Tour d'Italie (CLM) Belgique Soudal Quick Step Remco Evenepoel
94%
9e étape Tour d'Italie (CLM) Belgique Soudal Quick Step Remco Evenepoel
94%
7e étape Tour de Suisse Belgique Soudal Quick Step Remco Evenepoel
94%
Classique de San Sebastien Belgique Soudal Quick Step Remco Evenepoel
94%
Championnat du Monde CLM Belgique Soudal Quick Step Remco Evenepoel
94%
3e étape Tour d'Espagne Belgique Soudal Quick Step Remco Evenepoel
94%
14e étape Tour d'Espagne Belgique Soudal Quick Step Remco Evenepoel
94%
18e étape Tour d'Espagne Belgique Soudal Quick Step Remco Evenepoel
94%
E3 Saxo Classic Belgique Jumbo Visma Wout Van Aert
93%
4e étape Tirreno Adriatico Slovénie Jumbo Visma Primoz Roglic
91%
5e étape Tirreno Adriatico Slovénie Jumbo Visma Primoz Roglic
91%
6e étape Tirreno Adriatico Slovénie Jumbo Visma Primoz Roglic
91%
Tirreno Adriatico Slovénie Jumbo Visma Primoz roglic
91%
1ere étape Tour de Catalogne Slovénie Jumbo Visma Primoz Roglic
91%
5e étape Tour de Catalogne Slovénie Jumbo Visma Primoz Roglic
91%
Tour de Catalogne Slovénie Jumbo Visma Primoz Roglic
91%
20e étape Tour d'Italie (CLM) Slovénie Jumbo Visma Primoz Roglic
91%
Tour d'Italie Slovénie Jumbo Visma Primoz Roglic
91%
8e étape Tour d'Espagne Slovénie Jumbo Visma Primoz Roglic
91%
17e étape Tour d'Espagne Slovénie Jumbo Visma Primoz Roglic
91%
Gent Wevelgem France Jumbo Visma Christophe Laporte
90%
A Travers la Flandre France Jumbo Visma Christophe Laporte
90%
1ere étape Critérium du Dauphiné France Jumbo Visma Christophe Laporte
90%
3e étape Critérium du Dauphiné France Jumbo Visma Christophe Laporte
90%
Championnat d'Europe sur route France Jumbo Visma Christophe Laporte
90%
3e étape Tirreno Adriatico Belgique Alpecin Deceuninck Jasper Philipsen
90%
7e étape Tirreno Adriatico Belgique Alpecin Deceuninck Jasper Philipsen
90%
Classic Brugge de Panne Belgique Alpecin Deceuninck Jasper Philipsen
90%
3e étape Tour de France Belgique Alpecin Deceuninck Jasper Philipsen
90%
4e étape Tour de France Belgique Alpecin Deceuninck Jasper Philipsen
90%
7e étape Tour de France Belgique Alpecin Deceuninck Jasper Philipsen
90%
11e étape Tour de France Belgique Alpecin Deceuninck Jasper Philipsen
90%
1ere étape Renewi Tour Belgique Alpecin Deceuninck Jasper Philipsen
90%
7e étape UAE Tour Royaume Uni UAE Team Emirates Adam Yates
85%
4e étape Tour de Romandie Royaume Uni UAE Team Emirates Adam Yates
85%
Tour de Romandie Royaume Uni UAE Team Emirates Adam Yates
85%
1ere étape Tour de France Royaume Uni UAE Team Emirates Adam Yates
85%
GP de Montréal Royaume Uni UAE Team Emirates Adam Yates
85%
5e étape Tour Down Under Royaume Uni Team Jayco AlUla Simon Yates
85%
2e étape Paris Nice Danemark Trek Segafredo Mads Pedersen
81%
6e étape Tour d'Italie Danemark Trek Segafredo Mads Pedersen
81%
8e étape Tour de France Danemark Lidl Trek Mads Pedersen
81%
BEMER Cyclassics Danemark Lidl Trek Mads Pedersen
81%
1ere étape Tirreno Adriatico (CLM) Italie Ineos Grenadiers Filippo Ganna
80%
10e étape Tour d'Espagne (CLM) Italie Ineos Grenadiers Filippo Ganna
80%
Strade Bianche Royaume Uni Ineos Grenadiers Tom Pidcock
76%
2e étape Critérium du Dauphiné France Soudal Quick Step Julian Alaphilippe
74%
6e étape Tour d'Espagne Etats Unis Jumbo Visma Sepp Kuss
74%
Tour d'Espagne Etats Unis Jumbo Visma Sepp Kuss
74%
2e étape Tour de France France Cofidis Victor Lafay
74%
1ere étape UAE Tour Belgique Soudal Quick Step Tim Merlier
71%
6e étape UAE Tour Belgique Soudal Quick Step Tim Merlier
71%
1ere étape Paris Nice Belgique Soudal Quick Step Tim Merlier
71%
1ere étape Tour de Pologne Belgique Soudal Quick Step Tim Merlier
71%
7e étape Tour de Pologne Belgique Soudal Quick Step Tim Merlier
71%
4e étape Tour de Suisse Autriche Ag2r Citroen Team Felix Gall
69%
17e étape Tour de France Autriche Ag2r Citroen Team Felix Gall
69%
19e étape Tour de France Slovénie Bahrain Victorious Matej Mohoric
69%
2e étape Tour de Pologne Slovénie Bahrain Victorious Matej Mohoric
69%
Tour de Pologne Slovénie Bahrain Victorious Matej Mohoric
69%
5e étape Renewi Tour Slovénie Bahrain Victorious Matej Mohoric
69%
5e étape Tour de France Australie Bora Hansgrohe Jai Hindley
67%
14e étape Tour de France Espagne Ineos Grenadiers Carlos Rodriguez
64%
3e étape Tour Down Under Espagne Bahrain Victorious Pello Bilbao
64%
10e étape Tour de France Espagne Bahrain Victorious Pello Bilbao
64%
1ere étape Tour de Suisse (CLM) Suisse Groupama FDJ Stefan Kung
64%
3e étape Tour de Romandie (CLM) Espagne UAE Team Emirates Juan Ayuso
62%
5e étape Tour de Suisse Espagne UAE Team Emirates Juan Ayuso
62%
8e étape Tour de Suisse (CLM) Espagne UAE Team Emirates Juan Ayuso
62%
2e étape Tour de Suisse Erythrée Intermarché Circus Wanty Biniam Girmay
61%
18e étape Tour de France Danemark Soudal Quick Step Kasper Asgreen
59%
21e étape Tour d'Italie Royaume Uni Astana Qazaqstan Team Mark Cavendish
59%
13e étape Tour de France Pologne Ineos Grenadiers Michal Kwiatkowski
59%
Het Nieuwsblad Pays Bas Jumbo Visma Dylan Van Baarle
58%
16e étape Tour d'Italie Portugal UAE Team Emirates Joao Almeida
57%
9e étape Tour de France Canada Israel Premier Tech Michael Woods
57%
2e étape Tour de Catalogne Italie Trek Segafredo Giulio Ciccone
56%
8e étape Critérium du Dauphiné Italie Trek Segafredo Giulio Ciccone
56%
4e étape Tour de Catalogne Australie Alpecin Deceuninck Kaden Groves
56%
6e étape Tour de Catalogne Australie Alpecin Deceuninck Kaden Groves
56%
5e étape Tour d'Italie Australie Alpecin Deceuninck Kaden Groves
56%
4e étape Tour d'Espagne Australie Alpecin Deceuninck Kaden Groves
56%
5e étape Tour d'Espagne Australie Alpecin Deceuninck Kaden Groves
56%
21e étape Tour d'Espagne Australie Alpecin Deceuninck Kaden Groves
56%
2e étape Tirreno Adriatico Pays Bas Soudal Quick Step Fabio Jakobsen
55%
3e étape Paris Nice (CLM par équipes) Pays Bas / Jumbo Visma
54%
8e étape Tour d'Italie Irlande EF Education EasyPost Ben Healy
53%
21e étape Tour de France Belgique Bora Hansgrohe Jordi Meeus
53%
Bretagne Classic France Goupama FDJ Valentin Madouas
52%
4e étape Tour Down Under France Cofidis Bryan Coquard
51%
12e étape Tour France Espagne Cofidis Ion Izagirre
51%
15e étape Tour de France Pays Bas Bharain Victorious Wout Poels
49%
20e étape Tour d'Espagne Pays Bas Bahrain Victorious Wout Poels
49%
GP de Québec Belgique Lotto Dstny Arnaud De Lie
48%
2e étape Tour d'Italie Italie Bahrain Victorious Jonathan Milan
48%
2e étape Tour de Guangxi Italie Bahrain Victorious Jonathan Milan
48%
5e étape Paris Nice Pays Bas Jumbo Visma Olav Kooij
47%
4e étape Tour de Pologne Pays Bas Pays Bas Olav Kooij
47%
3e étape Tour de Guangxi Pays Bas Jumbo Visma Olav Kooij
47%
6e étape Tour de Guangxi Pays Bas Jumbo Visma Olav Kooij
47%
Tour Down Under Australie UAE Team Emirates Jay Vine
46%
3e étape Tour de Suisse Danemark Trek Segafredo Mattias Skjelmose
46%
Tour de Suisse Danemark Trek Segafredo Mattias Skjelmose
46%
15e étape Tour d'Espagne Portugal Intermarché Circus Wanty Rui Costa
46%
Prolgue Tour Down Under Italie EF Education EasyPost Alberto Bettiol
45%
2e étape UAE Tour (CLM par équipes) Belgique / Soudal Quick Step
45%
15e étape Tour d'Italie Etats Unis UAE Team Emirates Brandon McNulty
44%
5e étape Tour du Pays Basque Colombie Bora Hansgrohe Sergio Higuita
42%
4e étape Tour d'Italie France Ag2r Citroen Team Aurélien Paret Peintre
41%
5e étape UAE Tour Pays Bas Team Jayco AlUla Dylan Groenewegen
41%
2e étape Renewi Tour (CLM) Royaume Uni Ineos Grenadiers Joshua Tarling
40%
Championnat d'Europe CLM Royaume Uni Ineos Grenadiers Joshua Tarling
40%
4e étape Critérium du Dauphiné (CLM) Danemark UAE Tea Emirates Mikkel Bjerg
39%
1ère étape Tour Down Under Allemagne Bahrain Victorious Phil Bauhaus
39%
4e étape UAE Tour Colombie UAE Team Emirates Juan Sebastian Molano
38%
12e étape Tour d'Espagne Colombie UAE Team Emirates Juan Sebastian Molano
38%
5e étape Tour de Guangxi Colombie UAE Team Emirates Juan Sebastian Molano
38%
3e étape Tour de Pologne Pologne UAE Team Emirates Rafal Majka
38%
19e étape Tour d'Italie Colombie Bahrain Victorious Santiago Buitrago
38%
7e étape Tour d'Espagne France TotalEnergies Geoffrey Soupe
37%
10e étape Tour d'Italie Danemark EF Education EasyPost Magnus Cort
37%
3e étape UAE Tour Colombie Movistar Team Einer Rubio
35%
13e étape Tour d'Italie Colombie Movistar Team Einer Rubio
35%
1ere étape Tour du Pays Basque Royaume Uni Ineos Grenadiers Ethan Hayter
35%
2e étape Tour de Romandie Ryaume Uni Ineos Greandiers Ethan Hayter
35%
3e étape Tour d'Italie Australie Team Jayco AlUla Michael Matthews
35%
2e étape Tour Down Under Australie Jumbo Visma Rohan Dennis
34%
5e étape Tour de Romandie Colombie Movistar Team Fernando Gaviria
32%
11e étape Tour d'Espagne Espagne Cofidis Jesus Herrada
32%
Prologue Tour de Romandie République Tchèque Soudal Quick Step Josef Cerny
31%
18e étape Tour d'Italie Italie Team Jayco AlUla Filippo Zana
29%
6e étape Critérium du Dauphiné Allemagne Intermarché Circus Wanty Georg Zimmermann
29%
Eschborn Frankfurt Danemark Alpecin Deceuninck Soren Kragh Andersen
29%
17e étape Tour d'Italie Italie Team DSM Alberto Dainese
28%
19e étape Tour d'Espagne Italie Team dsm firmenich Alberto Dainese
28%
Rnewi Tour Belgique UAE Team Emirates Tim Wellens
27%
9e étape Tour d'Espagne Allemagne Bora Hansgrohe Lennard Kamna
26%
6e étape Tour de Pologne (CLM) Italie Soudal Quick Step Mattia Cattaneo
26%
11e étape Tour d'Italie Allemagne UAE Team Emirates Pascal Ackermann
26%
2e étape Tour d'Esapagne Danemark Lotto Dstny Andreas Kron
25%
1ere étape Tour de Romandie Royaume Uni Soudal Quick Step Ethan Vernon
25%
5e étape Tour de Pologne Pays Bas EF Education EasyPost Marijn Van Den Berg
25%
1ere étape Tour de Guangxi Italie Ineos Grenadiers Elia Viviani
24%
12e étape Tour d'Italie Allemagne Bora Hansgrohe Nico Denz
22%
14e étape Tour d'Italie Allemagne Bora Hansgrohe Nico Denz
22%
7e étape Tour d'Italie Italie EOLO Kometa Davide Bais
21%
Cadel Evans Great Ocean Road Race Allemagne Team DSM Marius Mayrhofer
19%
1ere étape Tour d'Espagne (CLM par équipes) Pays Bas / DSM Firmenich
17%
4e étape Renewi Tour Australie Team dsm firmenich Sam Welsford
16%
4e étape Tour de Guangxi Pays Bas Jumbo Visma Milan Vader
15%
Tour de Guangxi Pays Bas Jumbo Visma Milan Vader
15%
2e étape Tour du Pays Basque Pays Bas Bora Hansgrohe Ide Schelling
14%
6e étape Paris Nice / / Annulé
11%
6e étape Tour de Suisse / / Annulé
11%
3e étape Renewi Tour Pays Bas Intermarché Circus Wanty Mike Teunissen
10%
Aucun quiz correspondant
Distribution des résultats
% des personnes avec chaque résultat
Percentile par nombre de réponses
Votre historique - résultats
Vous n’avez pas pris ce quiz